Yoga ratnakara (Record no. 405064)

MARC details
000 -LEADER
fixed length control field 00742nam a2200241Ia 4500
003 - CONTROL NUMBER IDENTIFIER
control field OSt
005 - DATE AND TIME OF LATEST TRANSACTION
control field 20220924120933.0
008 - FIXED-LENGTH DATA ELEMENTS--GENERAL INFORMATION
fixed length control field 220923b |||||||| |||| 00| 0 hin d
037 ## - SOURCE OF ACQUISITION
Terms of availability Textual
040 ## - CATALOGING SOURCE
Original cataloging agency ARTS
Transcribing agency ARTS
Language of cataloging hin
041 ## - LANGUAGE CODE
Source of code hin
Language code of text/sound track or separate title hin
100 ## - MAIN ENTRY--PERSONAL NAME
Personal name Vireshvarananda Brahmachari
9 (RLIN) 183703
245 #0 - TITLE STATEMENT
Title Yoga ratnakara
Remainder of title Brahma a nirvana tantra with Hindi tr by Ananta Bharati (Brahmamitra Avasthi)
260 ## - PUBLICATION, DISTRIBUTION, ETC.
Place of publication, distribution, etc. Delhi
Name of publisher, distributor, etc. Swami Kashavananda Yoga Sansthan
Date of publication, distribution, etc. 1993
300 ## - PHYSICAL DESCRIPTION
Extent 129p.
Dimensions cm.
650 ## - SUBJECT ADDED ENTRY--TOPICAL TERM
Topical term or geographic name entry element SPIRurdALISM
942 ## - ADDED ENTRY ELEMENTS (KOHA)
Classification part Delta2, 152N3
Koha item type Textual
Source of classification or shelving scheme Colon Classification (CC)
Holdings
Withdrawn status Lost status Damaged status Not for loan Home library Current library Date acquired Total Checkouts Full call number Barcode Date last seen Price effective from Koha item type
        Arts Library Arts Library 2022-09-24   Delta2 152N3 AL1061297 2022-09-24 2022-09-24 Textual
Copyright @ Delhi University Library System